Príprava základných zákonov už v tomto roku Transformácia sociálnej sféry je dlhodobý proces

Bibliographic Details
Main Authors: Keltošová, Oľga, 1943- (Author), Gallová, Ľubica (Author)
Format: Article
Language:Slovak
PhysicalDescription:Obr. 1
Subjects:

MARC

LEADER 00000nab a2200000 a 4500
001 vtls000544693
003 SK-MaSNL
005 20260303114105.0
008 150430c1995 xo 0 slo
015 |a SNBRB19rr/mm-uuuuu 
035 |a CL0544831 
040 |a SNKBUCL  |b slo  |c SNKBUCL  |e AACR2 
041 0 |a slo 
044 |a xo  |c SK 
080 |a 36(437.6)  |2 1981 
100 1 |a Keltošová, Oľga,  |d 1943-  |4 aut  |9 224695 
245 1 0 |a Príprava základných zákonov už v tomto roku  |b Transformácia sociálnej sféry je dlhodobý proces  |c Oľga Keltošová, Ľubica Gallová 
300 |b Obr. 1 
650 0 7 |a sféra sociálna  |2 snkbucl  |9 841085 
655 7 |a články z novín a časopisov  |2 snkbucl  |9 267496 
700 1 |a Gallová, Ľubica  |4 aut  |9 349892 
700 1 |a Keltošová, Oľga,  |d 1943-  |4 aut  |9 224695 
773 0 |t Smena  |g Roč. 48, č. 75 (30. 3. 1995), s. 7 
850 |a Slovenská národná knižnica v Martine  |a MTA001 
852 |a SNK  |b KIS3GCP 
958 |a RK 
958 |a SK 
992 |a RBX 
999 |c 1897090  |d 1899020